| 000 | 00857nam a22002297a 4500 | ||
|---|---|---|---|
| 003 | BCEG | ||
| 005 | 20260216110448.0 | ||
| 008 | 260216s2025 mx|||||| |||| 00| 0 spa d | ||
| 040 |
_aBCEG _bspa _cBCEG |
||
| 082 | 0 | 4 |
_a306.0972 _bV726c |
| 100 |
_aVillaseñor Anaya, Carlos J., _d1962-. |
||
| 245 | 1 | 0 |
_aCreatividades locales _b: promover y proteger la diversidad cultural en el ámbito municipal : Convención de 2005 sobre Protección y la Promoción de la Diversidad de las Expresiones Culturales. |
| 260 |
_aCiudad de México : _bOficina de la UNESCO en México, _c2025. |
||
| 300 |
_a63 p. _b: fots. |
||
| 541 | _aDonación. | ||
| 650 | 1 | 4 |
_aPolítica cultural _zMéxico. |
| 650 | 1 | 4 |
_aGestión cultural _zMéxico. |
| 650 | 1 | 4 |
_aAdministración municipal _zMéxico. |
| 700 | 1 |
_aZea, Luis Carlos, _eed. |
|
| 700 | 1 |
_aNudos, Mixtli, _efot. |
|
| 942 | _cBK | ||
| 999 |
_c437079 _d437079 |
||